00359nam a2200121Ia 4500008004100000082001600041100002500057245001900082260004200101300001000143630001800153650006600171211109s9999||||xx |||||||||||||| ||und|| a821 bSHE-P aShelly, Percy Bysshe 0aPoetical Works bOxford University PressaBombayc1900 a908p. xGeneral Stack aEnglish & Old English literaturesvEnglish poetryxLiterature